000 00691nam a22001937a 4500
003 JO-AjAnu
005 20250930092755.0
008 250929b jo ||||| |||| 00| 0 ara d
020 _a978-9957-428-22-8
022 _a1060/4/2007
040 _aANU
_cJO-AjAnu
041 _hARA
100 _aالرواضية، المهدي عيد
_eمؤلف
_966720
245 _aمدونة النصوص الجغرافية لمدن الأردن وقراه /
_cالمهدي عيد الرواضية
260 _aعمان :
_bاللجنة العليا لكتابة التاريخ،
_c2007
300 _a688 صفحة
650 _vالمدن والقرى-الأردن-جغرافيا
942 _2lcc
_cREF
_n0
999 _c34022
_d34022